Municípios da Região Metropolitana de Jundiaí (SP) no mapa - Statistics

Estatísticas Gerais
  • Esse quiz foi jogado 183 vezes
  • A pontuação média é 5 de 7
Respostas no mapa
Respostas codificadas por cores de uma escala verde-vermelha no mapa do quiz de acordo com a % correta abaixo.
 
Estatísticas das Respostas
Município % Correto
Jundiaí
98%
Várzea Paulista
69%
Campo Limpo Paulista
66%
Louveira
61%
Itupeva
59%
Cabreúva
58%
Jarinu
56%
Nenhum quiz correspondente encontrado
Distribuição das Pontuações
Porcentagem de Pessoas com Cada Pontuação
Percentil de Números Respondidos
Sua Pontuação Histórica
Você não jogou esse quiz